| 000 | 00000nam##2200000za#4500 |
| 001 | 9.634796 |
| 003 | CaOODSP |
| 005 | 20210624215941 |
| 007 | cr ||||||||||| |
| 008 | 150407|2005||||xxc|||||o f|0| 0 fre|d |
| 020 | |a978-0-662-07456-4 |
| 040 | |aCaOODSP|bfre |
| 043 | |an-cn--- |
| 086 | 1 |aA42-107/2005F-PDF |
| 110 | 1 |aCanada. |bAgriculture et agroalimentaire Canada. |bDirection générale de la recherche. |
| 245 | 10|aCatalogue de pesticides microbiens utilisés pour les récoltes dans les pays de l'OCDE |h[ressource électronique] |
| 260 | |bAgriculture et Agroalimentaire Canada. |cRévision de septembre 2005. |
| 300 | |a242p. |
| 590 | |a08-49|b2008-12-05 |
| 691 | 07|aCultures|2gcpds |
| 691 | 07|aPesticide|2gcpds |
| 775 | 08|tDirectory of microbial pesticides for agricultural crops in OECD countries |w(CaOODSP)9.690432 |
| 856 | 40|ahttp://publications.gc.ca|qPDF|s1231 Ko|uhttps://publications.gc.ca/collections/collection_2008/agr/A42-107-2005F.pdf |